00718nam a22001577a 450000500170000000800410001710000310005824501890008926000090027830000290028750000870031650000240040394200160042799900150044395201020045820171010095508.0110706t xxu||||| |||| 00| 0 eng d aAntonio, Clarita I. 91886 aThe Nutrition program of the applied nutrition program pilot schools in the Division of Ilocos Norte: its effect on the knowledge, food preferences and food and eating habits of pupils c1986 axii, 130 leaves c28 cm. aThesis (M.A.Ed.- Adm & Supervision) -- Mariano Marcos State University, Laoag City aBibliography: 89-91 2lcccTHEDIS c9700d9700 00102lcc4070aREFbREFd2012-08-10l0p10-Grr2017-10-10w2017-10-10yTHEDISzLibrary Use only